000 01123cam a22002777a 4500
001 2125
005 20231108074709.0
020 _a9780545004008
020 _a0545004004
040 _aSFC
_cSFC
_dDLC
_beng
050 0 0 _aPZ7.R6433
_bSi 2007
082 0 0 _a813
_222
100 1 _aRoland, Timothy
245 1 2 _aA silly science experiment /
_cby Timothy Roland.
260 _aNew York :
_bScholastic,
_c2007
300 _a91 pages :
_billustrations
_c20 cm
490 1 _aComic guy ;
_v2
505 _aK
520 _aWhether doing K.P. duty because he fell asleep in math class, running for class president against the class bully, or working up a science experiment that will get him on T.V., Guy always seems to find plenty of material for his cartoon "COMIC GUY"! His hilarious stories are told through a combination of text and the comic strips Guy features in the school newspaper.
521 _a530
_bLexile
521 _aK
_bRaz-Plus
650 0 _aScience
_xExperiments
_vJuvenile fiction.
650 1 _aScience
_xExperiments
_vFiction.
906 _a7
_bcbc
_ccopycat
_d2
_encip
_f20
_gy-gencatlg
942 _2ddc
_cBK
_n0
999 _c2125
_d2125